000 00565nam a2200193Ia 4500
003 GCL
008 140319s9999 xx 000 0 ara d
040 _aGCL /
_cGCL
082 0 4 _a823.03
_bا م
100 1 _aالسيد وفائى
245 1 0 _aمؤامرة البندقية /
_cالسيد وفائى
700 1 _aايليس، هيلين ماك
300 _a287 ص
490 _a
650 0 4 _aالادب الامريكى المترجم
650 0 4 _aالادب العالمى المترجم
650 0 4 _aالقصص الامريكية
942 _2ddc
_cBK
999 _c40026
_d40026